| 000 | 00591nam a2200217Ia 4500 | ||
|---|---|---|---|
| 003 | OSt | ||
| 005 | 20220923231007.0 | ||
| 006 | a|||||r|||| 00| 0 | ||
| 007 | ta | ||
| 008 | 220922b |||||||| |||| 00| 0 pan d | ||
| 024 | _a351,486 | ||
| 037 | _cTextual | ||
| 040 |
_aARTS _cARTS _bpan |
||
| 041 |
_2pan _apan |
||
| 100 | _aਬੇਗੋਵਾਲ, ਜਸਵੰਤ, ਂਚ. | ||
| 245 | 0 | _aਪੰਜਾਬੀ ਗਲਪ ਅਧਿਐਨ | |
| 260 | _c1989 | ||
| 300 |
_a60ਪੰ0 _ccm. |
||
| 942 |
_cTEXL _2CC |
||
| 999 |
_c388660 _d388660 |
||